Living in a slum : a study of st.mary's oldham (Record no. 413598)

000 -LEADER
fixed length control field 00508cam a22001457a 4500
008 - FIXED-LENGTH DATA ELEMENTS--GENERAL INFORMATION
fixed length control field 180718b1970 xxu||||| |||| 00| 0 eng d
020 ## - INTERNATIONAL STANDARD BOOK NUMBER
International Standard Book Number 11 750008 9
082 ## - DEWEY DECIMAL CLASSIFICATION NUMBER
Classification number XA37x42 Un3
245 ## - TITLE STATEMENT
Title Living in a slum : a study of st.mary's oldham
Statement of responsibility, etc. by Ministry Of Housing And Local Government
260 ## - PUBLICATION, DISTRIBUTION, ETC.
Place of publication, distribution, etc. London
Name of publisher, distributor, etc. Her Majesty's
Date of publication, distribution, etc. 1970
300 ## - PHYSICAL DESCRIPTION
Extent 45p
650 ## - SUBJECT ADDED ENTRY--TOPICAL TERM
Topical term or geographic name entry element Oldham (England) --Economic conditions
650 ## - SUBJECT ADDED ENTRY--TOPICAL TERM
Topical term or geographic name entry element Oldham (England) --Social conditions
700 ## - ADDED ENTRY--PERSONAL NAME
Personal name U.K. Ministry Of Housing And L ocal Government
Holdings
Withdrawn status Lost status Damaged status Not for loan Permanent Location Current Location Date acquired Full call number Barcode Date last seen Price effective from Koha item type
        Indian Institute of Public Administration Indian Institute of Public Administration 2009-02-17 XA37x42 Un3 DA3004 2018-07-21 2018-07-21 DA

Powered by Koha